00285 a2200109 4500001000700000020000600007040001100013100002700024240006000051245005500111362000900166168476 a  cMagnum aSouza, Solange Jobim e10aInfancia e linguagem: bakhtin, vygotsky e benjaminlpor10aInfancia e linguagem: bakhtin, vygotsky e benjamin0 a1899